000 00671nam a22002417a 4500
001 BD-DhSAU 2350
003 BD-DhSAU
005 20150127160110.0
008 150127b1970 -usa||||r|||| 001 0 eng d
040 _aBD-DhSAU
082 _222
_a636.082
_bRIB
245 _aBreeding and improvement of farm animal /
_cRice, Victor Arthur.
250 _a6th edition.
260 _aNew York :
_bMcGraw- Hill ,
_cc1970.
300 _axiv, 477 p. :
_bill. ;
_c24 cm.
504 _aIncludes index.
590 _ajoy
650 _aAnimal husbandry.
650 _aAnimal Breeding.
650 _aÉlevage.
650 _aLivestock.
700 _aRice, Victor Arthur . . . [et al.]
942 _2ddc
_cBOOK
999 _c2350
_d2350